Statistiques concernant Générateur de puzzle - Géographie

Cliquez ici pour prendre le quiz!

Statistiques générales

  • Ce quiz a été pris 5 791 fois
  • Le résultat moyen est 11 sur 21

Statistiques - réponses

HintRéponses% Correct
Saint-Lazare, de Lyon ou du Nord pour ParisGare
88%
Victoria ou Marie-AntoinetteReine
85%
Celui d'Elisabeth II dura 70 ansRègne
84%
Quartier londonien et méridien{Green}wich
75%
Capitale lettoneRiga
75%
Transsibérien ou Orient ExpressTrain
75%
Volcan sicilienEtna
70%
Des pesos ou yens en constituentArgent
66%
Département dont Bourg-en-Bresse est la préfectureAin
61%
Département français 81Tarn
55%
Fleuve mésopotamienTigre
55%
Pays de Niamey et MaradiNiger
51%
Quatrième ville marocaineTanger
38%
Catherine de Médicis ou Philippe d'OrléansRégent
29%
Le Mont Rushmore en est composéGranite
28%
Gentilé de la vallée savoyarde de la TarentaiseTarin(e)
27%
Précipitation "du Kilimandjaro" dans un film de 2011Neige
26%
Fleuve traversant LisbonneTage
26%
Argentine
22%
Type de course navale originaire de VeniseRégate
21%
Gemme extraite en Tanzanie ou à MadagascarGrenat
9%

Distribution des résultats

Percentile par nombre de réponses

% des personnes avec chaque résultat

Votre développement - résultats

Vous n’avez pas pris ce quiz